000 00643nam a2200229Ia 4500
003 OSt
005 20220916111031.0
006 a|||||r|||| 00| 0
007 ta
008 220915b |||||||| |||| 00| 0 eng d
024 _a124011
037 _cTextbook
040 _beng
_aARTS
_cARTS
041 _aeng
082 _aV641:4:N3, H1 (906)
100 _aWeller George
245 0 _aBelgian campaign in Ethiopia : A treak of 2, 500 miles through jungles swamps and desert wastes
260 _aNA
_bNA
650 _aHISTORY
942 _hV641:4:N3, H1 (906)
_cTB
_2CC
999 _c103981
_d103981